Promoting independent learning in the middle grades : the role of instructional support practices (Record no. 75211)

MARC details
000 -CABECERA
campo de control de longitud fija 00567nam a2200193 a 4500
005 - FECHA Y HORA DE LA ÚLTIMA TRANSACCIÓN
campo de control 20210219153354.0
008 - ELEMENTOS DE LONGITUD FIJA--INFORMACIÓN GENERAL
campo de control de longitud fija 991125n 000 0 u
035 ## - NÚMERO DE CONTROL DEL SISTEMA
Número de control de sistema UPN01000094655
100 ## - ASIENTO PRINCIPAL--NOMBRE PERSONAL
Nombre de persona Thomas, John W.
222 ## - TÍTULO CLAVE
Título clave THE ELEMENTARY SCHOOL JOURNAL
245 ## - MENCIÓN DE TÍTULO
Título Promoting independent learning in the middle grades : the role of instructional support practices
300 ## - DESCRIPCIÓN FÍSICA
Extensión 575-591
362 ## - FECHAS DE PUBLICACIÓN Y/O DESIGNACIÓN SECUENCIAL
Fecha de publicación y/o designación secuencial 93, No. 5, 1993
505 ## - NOTA DE CONTENIDO CON FORMATO PREESTABLECIDO
Nota de contenido con formato Octubre 1993
653 0# - TERMINO DE INDIZACION - NO CONTROLADO
Término no controlado ESCUELAS MEDIAS
653 0# - TERMINO DE INDIZACION - NO CONTROLADO
Término no controlado ESTUDIO INDEPENDIENTE
904 ## - ELEMENTOS DE DATOS D LOCAL, LDD (RLIN)
a AC
b 032466
905 ## - TIPO DE MATERIAL
Tipo de material Articulo

No items available.